Tipy konkurentnoj strategii: "biologičeskij" podchod k klassifikacii kompanij.
Odmietnutie tradičnej schémy klasifikácie spoločností, založenej na čisto kvantitatívnych vzťahoch - na množstve predajov a veľkosti kapitálu a na počte zamestnaných. Návrh nových klasifikačných prístupov založených na funkčných charakteristikách firmy, na spôsoboch získania a udržania trhov.
Salvato in:
| Autore principale: | |
|---|---|
| Natura: | Capitolo di libro |
| Lingua: | russo |
| Soggetti: | |
| Tags: |
Nessun Tag, puoi essere il primo ad aggiungerne!!
|
MARC
| LEADER | 00000naa a2200000 4500 | ||
|---|---|---|---|
| 001 | r002245 | ||
| 005 | 20220819194803.6 | ||
| 041 | 0 | |a rus | |
| 044 | |a [SU] | ||
| 245 | 1 | 0 | |a Tipy konkurentnoj strategii: "biologičeskij" podchod k klassifikacii kompanij. |c A. Judanov |
| 520 | |a Odmietnutie tradičnej schémy klasifikácie spoločností, založenej na čisto kvantitatívnych vzťahoch - na množstve predajov a veľkosti kapitálu a na počte zamestnaných. Návrh nových klasifikačných prístupov založených na funkčných charakteristikách firmy, na spôsoboch získania a udržania trhov. | ||
| 610 | 2 | 0 | |a konkurencia |
| 610 | 2 | 0 | |a podnik malý |
| 610 | 2 | 0 | |a trh |
| 610 | 2 | 0 | |a korporácie |
| 610 | 2 | 0 | |a koncerny |
| 610 | 2 | 0 | |a klasifikácia |
| 100 | 1 | |a Judanov, A. | |